00502nam a2200181 a 4500001001300000003000900013005001700022008004100039020002300080082001600103100001900119245005700138260003800195300000900233500003500242650002400277700001900301nice12345678IN_TiNIC20260116015010.0070914s1994 usaa grp 000 0 eng  a0860653056 c10000a303.69bHUG aHuggett, Joyce aConflict Friend or Foe? the Creative Use of Conflict aUSAbKingsway Publications c1994 a192p aincludes index and biblioraphy aConflict Resolution1 aHuggett, Joyce